000 00456nam a2200193Ia 4500
005 20250603144842.0
008 250603s9999 xx 000 0 und d
020 _a9781292025179
050 _aQA 152.3 .A53/
100 _aAngel, Allen R.
245 0 _aElementary algebra for college students
250 _a8th ed.
260 _aUnited States
260 _bPearson
260 _c2014
300 _a772 p
650 _aUnited States
942 _cBK
999 _c40142
_d40142